Регионална библиотека "Любен Каравелов" - Русе

Шпионинът се завръща (Запис номер 95766)

MARC детайли
000 -Лидер
Контролно поле с фиксирана дължина 01143nam a2200301 c 4500
003 - Код на организацията, давaща контролен номер
Контролно поле BLK
005 - Дата и час на последна редакция
Контролно поле 20180917171504.0
008 - Елементи от данни с фиксирана дължина
fixed length control field 180409b bul|||||r ||||||| ||bul||
010 ## - Наследен системен номер
LC control number KNG00100641000
020 ## - Международен стандартен номер на книга ISBN
Международен стандартен номер на книга ISBN 954-9761-15-0
-- издат.: Световит
040 ## - Източник на каталожния запис
Идентификатор на билиотеката - собственик на записа BLK
041 ## - Код за език
Код за езика на текст/звукозапис или на отделно заглавие Български
Код за езика КДБФ Български
080 ## - УДК
Текстов определител УДК Българска литература
УДК код - определител по УДК 821.163.2
УДК определител -311.6
УДК - код + определител 821.163.2-311.6
100 1# - Редна дума - Автор
Автор Христозов, Петър
Авторска отговорност първи автор
R(LIN) 370891
139 ## - Редно поле
Редна дума Христозов, Петър
Авторски знак Христод - Х 82
245 10 - Сведения за заглавието
Заглавие Шпионинът се завръща
Подзаглавни данни Полит. роман
Редно поле (дума) Петър Христозов.
257 ## - Страна на издаване
Страна на създаване/издаване България
260 ## - Област на издателските данни
-- София
Име на издателя, разпространителя и проч. Световит
Година на издаване 2001
Печатница Враца : Полипринт
300 ## - Физическа характеристика
Страници 174 с.
Размери/Мащаб 20 см
380 ## - Жанр
Жанр Худож. лит.
490 1# - СЕРИИ (Колекции)
Име на серия Поредица Милиардите на България
500 ## - Общи забележки
Забележка Петър Христозов - псевд. на Христо Вълчев. - В кн. означено ч. 2.
852 ## - Местоположение
Форматна сигнатура Цб 209225
856 4# - Електронен адрес и достъп
Електронен формат pdf - файл
Път до файла /url/
856 4# - Електронен адрес и достъп
Електронен формат pdf - файл
Път до файла /url/
942 ## - АРТИКУЛИ
Вид на библиотечния материал Книги
Скрит в OPAC Не
Koha issues (borrowed), all copies 1
944 ## - СЪЗДАВАНЕ И РЕДАКЦИЯ на ЗАПИСА
Създаване/Редакция Създаване
Дата на регистрацията/редакция 01.01.2001
Служител, извършил регистрацията/редакцията Цветанка_Енчева
944 ## - СЪЗДАВАНЕ И РЕДАКЦИЯ на ЗАПИСА
Създаване/Редакция Редакция
Дата на регистрацията/редакция 22.04.2004
Служител, извършил регистрацията/редакцията
999 ## - СИСТЕМНИ КОНТРОЛНИ НОМЕРА
Koha biblionumber 95766
Koha biblioitemnumber 95766
Наличности
Код за отписване Код за изгубен артикул Код за повреда Коз за рестрикции Код за отдаване Артикулен № Име на библиотеката - собственик Име на библиотеката, в която се намира в момента Статус (Текущо местоположение) Дата на вписване в системата Местоположение - отдел Цена в лева Инвентарен номер Систематично азбучна сигнатура Баркод Номер на екземпляра Цена в евро Служебна бележка Служебен тип на артикула Източник на класификационната схема
  Не е изгубен Не е повреден без рестрикции заемане за дома 153677 Регионална библиотека "Любен Каравелов" Русе Регионална библиотека "Любен Каравелов" Русе Заемна - подръчен фонд 2002-03-14 Заемна - подръчен фонд 4.50 120000669043 П 886.7-31/Х 82 120000669043 1 2.30 Дост: Pk Вид: Ф N: 4 Дата: 13.03.2002 Дата инв: 09.02.2018 Бележки инв: П2018 Книги  
Изтеглен Не е изгубен Не е повреден без рестрикции заемане за дома 153678 Регионална библиотека "Любен Каравелов" Русе Регионална библиотека "Любен Каравелов" Русе Заемна - подръчен фонд 2002-08-19 Заемна - подръчен фонд 4.50 120000671460 П 886.7-31/Х 82 120000671460 2 2.30 Дост: Pk Вид: Ф N: 30 Дата: 08.08.2002 Книги Universal Decimal Classification
  Не е изгубен Не е повреден без рестрикции ползва се в читалня 153679 Регионална библиотека "Любен Каравелов" Русе Регионална библиотека "Любен Каравелов" Русе Хранилище 2004-03-18 Хранилище 4.50 120000683733 Цб 209225 120000683733 3 2.30 Дост: Dp Вид: Д N: 19 Дата: 24.04.2003 Книги  
Vip Innovations Ltd, Rousse, Bulgaria 2025